Učitelé a jejich univerzitní vzdělávání na přelomu tisíciletí : Sborník příspěvkú

Na minha lista:
Detalhes bibliográficos
Formato: Livro
Publicado em: Praha : Univerzita Karlova, 1999
Tags: Adicionar Tag
Sem tags, seja o primeiro a adicionar uma tag!

MARC

LEADER 00000nam a22000003a 4500
001 stu137504
005 20150408182343.2
008 070131s1999----xr----------------------d
020 |a 80-86039-62-5 
040 |a STU  |b slo 
041 0
044 |a xr 
245 |a Učitelé a jejich univerzitní vzdělávání na přelomu tisíciletí :  |b Sborník příspěvkú 
260 |a Praha :  |b Univerzita Karlova,  |c 1999 
996 |b 284M055991  |c M*Z-1358  |l MMKN  |s A  |a 24  |w stu137504_0001